000
00332nam a22001337a 4500
008
190129b xxu||||| |||| 00| 0 eng d
020
_a
9780205193394
041
_a
eng
080
_a
316
100
_a
50
101
_a
SOC
245
_a
Controversial Issues in Human Behavior in the Social Environment
_c
Bloom,M
942
_2
udc
_c
BK
999
_c
53853
_d
53853